Statistics for Countries With No Airport

Click here to take the quiz!

General Stats

  • This quiz has been taken 41 times
  • The average score is 5 of 5

Answer Stats

Answer% Correct
Vatican City
98%
San Marino
95%
Andorra
90%
Monaco
90%
Liechtenstein
88%

Score Distribution

Percentile by Number Answered

Percent of People with Each Score

Your Score History

You have not taken this quiz